| 000 | 00847nam a22003017a 4500 | ||
|---|---|---|---|
| 001 | BR2016003450 | ||
| 003 | BR-BrBNA | ||
| 005 | 20230928104935.0 | ||
| 007 | ta | ||
| 008 | 230509b bl.||||| |||| 00| 0 por d | ||
| 040 |
_aBR-BrBNA _bpor _cBiblioteca Nacional de Agricultura |
||
| 041 | _a(Por) | ||
| 072 | _aL20 | ||
| 090 | _ L20 BR2016003450 | ||
| 100 | 1 | _aSilva, S. | |
| 245 | 1 | _aComportamento e bem-estar de animais: a importância do manejo adequado para os animais de produção | |
| 250 | 1 | _a1. ed. | |
| 260 | 3 |
_aViçosa, MG (Brasil): _c2016. |
|
| 300 | _a312 p. | ||
| 500 | _aBibliography p. 284-288; Glossary p. 254-282 | ||
| 650 | _aCOMPORTAMENTO ANIMAL | ||
| 650 | _aBEM-ESTAR | ||
| 650 | _aINSTALAÇÃO PARA ANIMAL | ||
| 650 | _aMANEJO | ||
| 650 | _aANIMAL | ||
| 909 |
_a202309 _bLucia _c55 _dLucia Elande |
||
| 942 | _cBK | ||
| 999 |
_c82556 _d82556 |
||